000 00594nam a22001697a 4500
005 20231107131256.0
008 231107b |||||||| |||| 00| 0 eng d
020 _a0702116750
041 _aEnglish
082 _a346.43 LAN
100 _lEnglish
245 _aLand Ownership - Changing Concepts :
_bbeing a series of articles by a team of authors first published in ACTA JURIDICA 1985 /
_cTW Bennett et al.
260 _aCape Town :
_bJuta and Company Ltd,
_c1986
300 _bxi, 368 pages ;
_c24 cm.
650 _aLegal practice
_bLaw
942 _cBK
_6ALISON_BN_VRIES
999 _c379
_d379